Tropical root crops in a developing economy
Đã lưu trong:
| Formáid: | Leabhar |
|---|---|
| Teanga: | Undetermined |
| Foilsithe: |
Wageningen, Netherland
ISTRC
1991
|
| Ábhair: | |
| Clibeanna: |
Cuir Clib Leis
Gan Chlibeanna, Bí ar an gcéad duine leis an taifead seo a chlibeáil!
|
| Thư viện lưu trữ: | Trung tâm Học liệu Trường Đại học Cần Thơ |
|---|
| LEADER | 00444nam a2200157Ia 4500 | ||
|---|---|---|---|
| 001 | CTU_38668 | ||
| 008 | 210402s9999 xx 000 0 und d | ||
| 082 | |a 633.4 | ||
| 082 | |b T856 | ||
| 245 | 0 | |a Tropical root crops in a developing economy | |
| 260 | |a Wageningen, Netherland | ||
| 260 | |b ISTRC | ||
| 260 | |c 1991 | ||
| 650 | |a tropical crops,root - crops | ||
| 904 | |i Liên, 990811 | ||
| 980 | |a Trung tâm Học liệu Trường Đại học Cần Thơ | ||